| 000 | 00737cam a22002411 4500 | ||
|---|---|---|---|
| 001 | e 22000387 | ||
| 003 | DLC | ||
| 005 | 20260227111213.0 | ||
| 008 | 930816s1922 dcu 000 0 eng | ||
| 010 | _ae 22000387 | ||
| 035 | _a(OCoLC)28635883 | ||
| 040 |
_aDLC _cNcD _dDLC |
||
| 042 | _apremarc | ||
| 050 | 0 | 0 |
_aL111 _b.A57 no. 16 |
| 100 | 1 | _aHebb, Bertha Yell. | |
| 245 | 1 | 0 |
_aCredit for professional improvement of teachers. _cBy Bertha Y. Hebb. |
| 260 |
_a[Washington, _bGovt. print. off., _c1922] |
||
| 300 |
_a7 p. _c23 cm. |
||
| 490 | 0 |
_a[U.S.] Bureau of education. Teacher's leaflet _vno. 16. March, 1922. |
|
| 500 | _aCaption title. | ||
| 500 | _aAt head of title: Department of the interior. | ||
| 650 | 0 | _aTeachers. | |
| 999 |
_c20540 _d20540 |
||